U.S. States by Mad Gab - Statistics

General Stats
  • This quiz has been taken 87 times
  • The average score is 45 of 50
Answer Stats
Mad Gab State % Correct
Air Is Sonar Arizona
100%
Arm Can Saw Arkansas
100%
Cow In Form Ya California
100%
Caw Learn Rah Do Colorado
100%
Co Net Ticket Connecticut
100%
Can't Sus Kansas
99%
Can Tacky Kentucky
99%
Ah Hi Yo Ohio
99%
Ay Oh What Iowa
96%
El Lask Ah Alaska
94%
Ide The Ho Idaho
94%
Ill In Noise Illinois
94%
Main Maine
94%
Mini Soda Minnesota
94%
Knee Brass Caught Nebraska
94%
Floor Inda Florida
92%
Huh Why Me Hawaii
92%
Mere A Lent Maryland
92%
Messy Chute Sets Massachusetts
92%
Mesh Again Michigan
92%
Es And Sip Pee Mississippi
92%
List Cop Sin Wisconsin
92%
Misery Missouri
91%
Ignore Care Old Lying Nah North Carolina
91%
Ten I See Tennessee
90%
Text Is Texas
90%
Nuke Amp Sure New Hampshire
88%
Okra Homer Oklahoma
88%
Pencil Vain Yah Pennsylvania
88%
You Tall Utah
88%
Teller Where Delaware
87%
Jort Jam Georgia
87%
Ender Anna Indiana
87%
Non Tanner Montana
87%
Not Jerk Seem New Jersey
87%
Sour Can Aligner South Carolina
87%
For Gin Yeah Virginia
87%
What Shin Ton Washington
87%
Ow A Bam Ma Alabama
86%
Ned Fad Augh Nevada
86%
Nail Next It Comb New Mexico
86%
Road Ike Lin Rhode Island
86%
Fern Aunt Vermont
86%
Quest Bear Genie Uh West Virginia
86%
Nor Deck Oh Tall North Dakota
85%
Sal Dan Coat Tan South Dakota
83%
Nell Your New York
82%
Ruiz See And Ae Louisiana
73%
Wight To Me Wyoming
72%
Door Reeking Oregon
59%
No matching quizzes found
Score Distribution
Percent of People with Each Score
Percentile by Number Answered
Your Score History
You have not taken this quiz